Lojalita - vyvolané správanie sa zamestnancov

Čo je lojalita a ako sa prejavuje u zamestnancov v organizáciách. Postoj a vyvolané správanie zamestnancov ako reakcia na zmeny v organizácii. Lojalita zamestnancov a ciele organizácie. Príklady.

Salvato in:
Dettagli Bibliografici
Autore principale: Gálik, Rudolf
Natura: Capitolo di libro
Lingua:slovacco
Soggetti:
Tags: Aggiungi Tag
Nessun Tag, puoi essere il primo ad aggiungerne!!

MARC

LEADER 00000naa a2200000 4500
001 0204860
005 20240502073423.3
041 0 |a slo 
044 |a SK 
245 1 0 |a Lojalita - vyvolané správanie sa zamestnancov  |c Rudolf Gálik 
520 |a Čo je lojalita a ako sa prejavuje u zamestnancov v organizáciách. Postoj a vyvolané správanie zamestnancov ako reakcia na zmeny v organizácii. Lojalita zamestnancov a ciele organizácie. Príklady. 
610 2 0 |a zamestnávatelia 
610 2 0 |a zamestnanci 
610 2 0 |a nadriadení 
610 2 0 |a pracovníci riadiaci 
610 2 0 |a lojálnosť zamestnancov 
610 2 0 |a spokojnosť v práci 
610 2 0 |a postoje 
100 1 |a Gálik, Rudolf